02581nam a2200325 i 4500003000900000005001700009007000300026008004100029020001800070040003000088041000800118082001700126100005400143245013300197250004300330264004400373300003700417336002700454337003300481338002800514500006700542520116000609590002701769910001401796942001401810952013401824952014001958952014002098999001702238DO-SdBNP20250710135913.0ta250710b2025 dr o|||| |||| 00| 0 spa d a9789945807790 aDO-SdBNPbspacBNPHUerda aspa axxxbJ612221 aJiménez Clemente, Bernardaeautora4aut.98293010aLucrecia Pérez :bdel vaticinio de un crimen a la primera migración laboral de dominicanos a España /cBernarda Jiménez  aTercera edición, revisada y ampliada aSanto Domingo :bEditora Búho,c2025. a288 páginas bretratosc23 cm. atextobtxt2rdacontent asin mediaciónbn2rdamedia avolumenbnc2rdacarrier aIncluye datos biografícos de la autora en la contraportada.  aEl año 2002 fue un año muy significativo para el Colectivo de Inmigrantes Dominicanos en España. Justo en este año, se cumplió el Décimo Aniversario del asesinato de Lucrecia Pérez Matos, víctima de la xenofobia y el racismo, coincidiendo con el aniversario jurídico de la fundación de la ONG sin fines de lucro Asociación Voluntariado Madres Dominicanas- Voluntariado Colectivos Integrados de Trabajadores (VOMADE-VINCIT). Motivos, más que justificados, para celebrar el primer Congreso de Asociaciones de Inmigrantes Dominicanos en el Mundo, que tuvo lugar en El Escorial, los días 8 y 9 de noviembre de 2002. El tiempo, inexorable, se lleva casi siempre los hechos que dan sustancia a la historia. Muchas veces se ha repetido que los pueblos que olvidan su historia se despersonalizan, se anquilosan, se convierten en sombras buscando siempre el equilibrio; la serenidad precisa para formar opinión sin tergiversar. Aquí se narran más de diez años de historia, de hombres y mujeres oriundos de un país inmensamente rico y hermoso que los expulsa por querer ejercer sus derechos de alcanzar una vida mejor.  aInventariado, 2025/ YL aYLockward 2ddccLBS1 00102ddc51708PDaBNPHUbBNPHUcCTd2025-05-23eDepósito Legall0oBNPHU PD xxx J61p2025-6398r2025-07-10w2025-07-10yLBS1 00102ddc51708PDaBNPHUbBNPHUcCTd2025-05-23eDepósito Legall0oBNPHU PD xxx J61p2025-6399r2025-07-10te. 2w2025-07-10yLBS1 00102ddc56708DSaBNPHUbBNPHUcCTd2025-05-23eDepósito Legall0oBNPHU DS xxx J61p2025-6400r2025-07-10te. 3w2025-07-10yLBS1 c59492d59492